| 000 | 01596nam a2200385 a 4500 | ||
|---|---|---|---|
| 001 | ebr10626253 | ||
| 003 | CaPaEBR | ||
| 006 | m o u | ||
| 007 | cr cn||||||||| | ||
| 008 | 120126s2013 enkab sb 001 0 eng d | ||
| 010 | _z 2012002563 | ||
| 020 | _z9781405191722 (cloth) | ||
| 020 | _z9781405191715 (pbk.) | ||
| 020 | _z9781118278765 (e-book) | ||
| 040 |
_aCaPaEBR _cCaPaEBR |
||
| 035 | _a(OCoLC)823728298 | ||
| 043 | _ae-uk-st | ||
| 050 | 1 | 4 |
_aHD1333.G72 _bS2765 2013eb |
| 082 | 0 | 4 |
_a333.3/1411 _223 |
| 100 | 1 |
_aMackenzie, Fiona _q(A. Fiona D.) |
|
| 245 | 1 | 0 |
_aPlaces of possibility _h[electronic resource] : _bproperty, nature and community land ownership / _cA. Fiona D. Mackenzie. |
| 260 |
_aChichester ; _aMalden, Mass. : _bJohn Wiley & Sons, _cc2013. |
||
| 300 |
_axiv, 256 p. : _bill, maps. |
||
| 490 | 0 | _aAntipode book series | |
| 504 | _aIncludes bibliographical references and index. | ||
| 505 | 0 | _aPlacing possibility -- Working property -- Working nature -- Working the wind -- Working places -- Conclusion - working possibilities. | |
| 533 |
_aElectronic reproduction. _bPalo Alto, Calif. : _cebrary, _d2015. _nAvailable via World Wide Web. _nAccess may be limited to ebrary affiliated libraries. |
||
| 650 | 0 |
_aLand reform _zScotland. |
|
| 650 | 0 |
_aLand tenure _zScotland. |
|
| 650 | 0 |
_aCommons _zScotland. |
|
| 650 | 0 |
_aRight of property _zScotland. |
|
| 655 | 7 |
_aElectronic books. _2local |
|
| 710 | 2 | _aebrary, Inc. | |
| 856 | 4 | 0 |
_uhttp://site.ebrary.com/lib/rucke/Doc?id=10626253 _zAn electronic book accessible through the World Wide Web; click to view |
| 999 |
_c67559 _d67559 |
||